000
00298nam a22001337a 4500
008
171107b xxu||||| |||| 00| 0 eng d
020
_a
0135030943
041
_a
eng
080
_2
4TH
_a
330.322
100
_a
63
101
_a
INV
245
_a
INVESTMENT MANAGEMENT
_c
SAUVAIN,H.C
942
_2
udc
_c
BK
999
_c
38120
_d
38120